000 00349 a2200169 4500
001 183206
020 _a
040 _cMagnum
100 _aVieira, Thereza Freire
240 1 0 _aMeu amigo Diogo
_lpor
245 1 0 _aMeu amigo Diogo
300 _a123
362 0 _a1993
440 1 _aNova Fronteira
697 _aLITERATURA GERAL
942 _cBK
999 _c183206
_d183206